[Event "8. Wunsiedel Schach-Festival Meisterturn"]
[Site "Wunsiedel"]
[Date "2014.05.29"]
[Round "1.5"]
[White "Vovk, Andrey"]
[Black "Hehn, Hartmut"]
[Result "1-0"]
[WhiteElo "2622"]
[BlackElo "2073"]
[PlyCount "35"]
[EventDate "2014.05.29"]

1. e4 d5 2. exd5 Qxd5 3. Nc3 Qa5 4. d4 Nf6 5. Bc4 c6 6. Nf3 Bg4 7. h3 Bxf3 8.
Qxf3 e6 9. Bd2 Qb6 10. O-O-O Nbd7 11. g4 Qxd4 12. Bb3 Nc5 13. Rhe1 Nxb3+ 14.
axb3 Be7 15. Bh6 Qxd1+ 16. Rxd1 gxh6 17. Qf4 Rg8 18. Qc7 1-0

[Event "8. Wunsiedel Schach-Festival Meisterturn"]
[Site "Wunsiedel"]
[Date "2014.05.29"]
[Round "1.6"]
[White "Heunemann, Dieter"]
[Black "Kunin, Vitaly"]
[Result "0-1"]
[WhiteElo "2073"]
[BlackElo "2572"]
[PlyCount "46"]
[EventDate "2014.05.29"]

1. d4 Nf6 2. c4 e6 3. Nc3 Bb4 4. Qc2 c5 5. dxc5 O-O 6. a3 Bxc5 7. b4 Be7 8. Nf3
d5 9. e3 a5 10. Rb1 axb4 11. axb4 dxc4 12. Bxc4 Bd7 13. O-O Qc7 14. Qb3 Rc8 15.
Nd2 Ng4 16. g3 Ne5 17. Nb5 Qb6 18. Nd4 Ba4 19. Qa2 Nbc6 20. Nxc6 Qxc6 21. Be2
Bc2 22. Qb2 Bf6 23. Ra1 Nd3 0-1

[Event "8. Wunsiedel Schach-Festival Meisterturn"]
[Site "Wunsiedel"]
[Date "2014.05.29"]
[Round "1.7"]
[White "Miezis, Normunds"]
[Black "Stadler, Alexander"]
[Result "1-0"]
[WhiteElo "2564"]
[BlackElo "2071"]
[PlyCount "61"]
[EventDate "2014.05.29"]

1. c4 e5 2. Nc3 d6 3. g3 f5 4. Bg2 Nf6 5. d3 Be7 6. e4 fxe4 7. dxe4 Be6 8. b3
O-O 9. Nf3 Nc6 10. O-O Kh8 11. h3 Qd7 12. Kh2 Rae8 13. Be3 Bg8 14. Qd2 Nd8 15.
Rad1 Qc8 16. c5 dxc5 17. Nxe5 Ne6 18. f4 Rd8 19. Qf2 Bd6 20. Nc4 Nh5 21. e5 Be7
22. Qf3 Rxd1 23. Rxd1 Qe8 24. Qxb7 Qg6 25. Qf3 Bh4 26. gxh4 Nexf4 27. Bxf4 Nxf4
28. Qg3 Qc2 29. Rd2 Qf5 30. Qg4 Qxg4 31. hxg4 1-0

[Event "8. Wunsiedel Schach-Festival Meisterturn"]
[Site "Wunsiedel"]
[Date "2014.05.29"]
[Round "1.8"]
[White "Höller, Armin"]
[Black "Van Den Doel, Erik"]
[Result "0-1"]
[WhiteElo "2068"]
[BlackElo "2551"]
[PlyCount "90"]
[EventDate "2014.05.29"]

1. e4 e5 2. Nf3 Nc6 3. d4 exd4 4. Nxd4 Nf6 5. Nxc6 bxc6 6. e5 Qe7 7. Qe2 Nd5 8.
b3 Qb4+ 9. Bd2 Qb6 10. Nc3 Qd4 11. Qe4 Bc5 12. Qxd4 Bxd4 13. Nxd5 cxd5 14.
O-O-O Bxf2 15. Ba5 Bb6 16. Rxd5 c6 17. Bxb6 axb6 18. Rd4 Rxa2 19. Kd2 Ra1 20.
g3 Ke7 21. Bg2 Rxh1 22. Bxh1 Ke6 23. Re4 Bb7 24. Bg2 c5 25. Bh3+ Ke7 26. Re3
Ra8 27. Bf5 h6 28. Bd3 Ra1 29. Bc4 Bc6 30. Bd3 Rh1 31. h4 b5 32. Kc3 Rb1 33.
Bf5 Bd5 34. Bd3 b4+ 35. Kd2 Rg1 36. Be2 f5 37. exf6+ Kxf6 38. Bg4 Rg2+ 39. Kd3
Bc6 40. Bh3 Rh2 41. Bg4 Bb5+ 42. c4 bxc3+ 43. Kxc3 d5 44. Rf3+ Ke7 45. Re3+ Kd8
0-1

[Event "8. Wunsiedel Schach-Festival Meisterturn"]
[Site "Wunsiedel"]
[Date "2014.05.29"]
[Round "1.9"]
[White "Stocek, Jiri"]
[Black "Rand, Steven J"]
[Result "1-0"]
[WhiteElo "2540"]
[BlackElo "2059"]
[PlyCount "65"]
[EventDate "2014.05.29"]

1. d4 Nf6 2. c4 g6 3. Nc3 d5 4. Nf3 Bg7 5. Qb3 dxc4 6. Qxc4 O-O 7. e4 Nc6 8.
Bf4 Nh5 9. Be3 Bg4 10. d5 Ne5 11. Nxe5 Bxe5 12. h3 Bd7 13. Rd1 b5 14. Qb3 b4
15. Ne2 Qe8 16. Qc2 Ba4 17. b3 Bb5 18. Nd4 Bxf1 19. Kxf1 Bxd4 20. Rxd4 f5 21.
exf5 gxf5 22. g4 f4 23. Bc1 Qb5+ 24. Qc4 Qxc4+ 25. bxc4 e5 26. Re4 Nf6 27. Rxe5
f3 28. Rg5+ Kf7 29. Rf5 Kg6 30. Rxf3 Ne4 31. Kg2 Nd6 32. Bf4 Nxc4 33. Rc1 1-0

[Event "8. Wunsiedel Schach-Festival Meisterturn"]
[Site "Wunsiedel"]
[Date "2014.05.29"]
[Round "1.10"]
[White "Jurkatis, Hagen"]
[Black "Halkias, Stelios"]
[Result "0-1"]
[WhiteElo "2058"]
[BlackElo "2530"]
[PlyCount "44"]
[EventDate "2014.05.29"]

1. d4 Nf6 2. Bg5 d5 3. Bxf6 gxf6 4. e3 c5 5. dxc5 Nc6 6. Nc3 e6 7. g3 Bxc5 8.
Bg2 h5 9. h4 Ne5 10. Nge2 Ng4 11. Nd4 Bd7 12. Qe2 Qb6 13. O-O-O Rc8 14. Bf3 Ne5
15. Bxd5 exd5 16. Nxd5 Qd8 17. f3 Bc6 18. Nxc6 bxc6 19. Nf4 Qa5 20. Nd3 Qxa2
21. Nxe5 fxe5 22. c3 Rb8 0-1

[Event "8. Wunsiedel Schach-Festival Meisterturn"]
[Site "Wunsiedel"]
[Date "2014.05.29"]
[Round "1.11"]
[White "Meister, Jakob"]
[Black "Kirschneck, Toralf"]
[Result "1-0"]
[WhiteElo "2476"]
[BlackElo "2055"]
[PlyCount "109"]
[EventDate "2014.05.29"]

1. e4 c5 2. Nf3 Nc6 3. d4 cxd4 4. Nxd4 d6 5. Nc3 g6 6. Be3 Bg7 7. Qd2 Bd7 8.
O-O-O Rc8 9. f3 Ne5 10. Kb1 Nc4 11. Bxc4 Rxc4 12. Nde2 Qa5 13. Bd4 Nf6 14. Nd5
Qxd2 15. Rxd2 e5 16. Nxf6+ Bxf6 17. Bxa7 Be6 18. Nc3 Be7 19. Nd5 Bg5 20. Be3
Bxe3 21. Nxe3 Rc6 22. c4 Ke7 23. b3 f5 24. Kb2 h5 25. Re1 Rf8 26. exf5 gxf5 27.
f4 Kf6 28. Rf1 Ke7 29. a4 Rf7 30. Rdf2 e4 31. Rd1 Rf8 32. Rfd2 Rg8 33. Kc3 d5
34. Nxd5+ Bxd5 35. Rxd5 Rxg2 36. Rxf5 Rxh2 37. a5 Re6 38. Rb5 Rh3+ 39. Kb4 e3
40. Rxb7+ Ke8 41. Rg1 Kf8 42. f5 Re8 43. a6 Rh2 44. Rgg7 Ra8 45. Rh7 Rg2 46. a7
Kg8 47. Rhe7 Kf8 48. Rxe3 Rd2 49. Ree7 Rd6 50. Rh7 Kg8 51. Rxh5 Rf6 52. Rg5+
Kh8 53. Rb8+ Rf8 54. Rxf8+ Rxf8 55. Kb5 1-0

[Event "8. Wunsiedel Schach-Festival Meisterturn"]
[Site "Wunsiedel"]
[Date "2014.05.29"]
[Round "1.12"]
[White "Held, Carsten"]
[Black "Maiwald, Jens-Uwe"]
[Result "0-1"]
[WhiteElo "2053"]
[BlackElo "2474"]
[PlyCount "38"]
[EventDate "2014.05.29"]

1. Nf3 d5 2. c4 d4 3. b4 Bg4 4. Qb3 c6 5. d3 Bxf3 6. gxf3 e5 7. Nd2 Nf6 8. Ne4
Nxe4 9. fxe4 Qh4 10. h3 Be7 11. Rg1 O-O 12. Rg4 Qf6 13. Bg5 Qe6 14. Bxe7 Qxe7
15. Bg2 Nd7 16. Bf3 a5 17. b5 Qb4+ 18. Qxb4 axb4 19. bxc6 bxc6 0-1

[Event "8. Wunsiedel Schach-Festival Meisterturn"]
[Site "Wunsiedel"]
[Date "2014.05.29"]
[Round "1.13"]
[White "Cech, Pavel"]
[Black "Keller, Peter"]
[Result "1/2-1/2"]
[WhiteElo "2427"]
[BlackElo "2048"]
[PlyCount "66"]
[EventDate "2014.05.29"]

1. e4 e5 2. Nf3 Nc6 3. Bb5 a6 4. Ba4 Nf6 5. d3 b5 6. Bb3 Bc5 7. a4 b4 8. O-O d6
9. Nbd2 O-O 10. Nc4 h6 11. c3 Re8 12. d4 exd4 13. cxd4 Ba7 14. e5 dxe5 15.
Ncxe5 Nxe5 16. Nxe5 Be6 17. Be3 Bxb3 18. Qxb3 Qd5 19. Qxd5 Nxd5 20. Nc6 Nxe3
21. fxe3 Rxe3 22. a5 Re6 23. Rac1 Rxc6 24. Rxc6 Bxd4+ 25. Kh1 Bxb2 26. Rb1 Rd8
27. Kg1 Bc3 28. Rxa6 Rd5 29. Ra8+ Kh7 30. a6 Ra5 31. Kf2 c5 32. Ke3 c4 33. Rc8
Rxa6 1/2-1/2

[Event "8. Wunsiedel Schach-Festival Meisterturn"]
[Site "Wunsiedel"]
[Date "2014.05.29"]
[Round "1.14"]
[White "Seidel, Michael"]
[Black "Rambaldi, Francesco"]
[Result "0-1"]
[WhiteElo "2047"]
[BlackElo "2413"]
[PlyCount "110"]
[EventDate "2014.05.29"]

1. e4 e6 2. d4 d5 3. e5 c5 4. Nf3 cxd4 5. Bd3 Nc6 6. O-O Bc5 7. a3 a6 8. Re1 h6
9. b4 Ba7 10. h4 Nge7 11. Bf4 Bd7 12. Nbd2 f6 13. Nb3 O-O 14. Qd2 fxe5 15. Nxe5
Nxe5 16. Bxe5 Nc6 17. Bd6 Rf7 18. Bg6 Rf6 19. Bd3 Bb8 20. Bxb8 Rxb8 21. f4 Bc8
22. Re2 Qd6 23. Rf1 Bd7 24. Ref2 Rbf8 25. b5 axb5 26. Bxb5 Qxa3 27. Bxc6 Bxc6
28. Qxd4 Bb5 29. Re1 Bc4 30. Ra1 Qd6 31. Na5 b5 32. Nxc4 bxc4 33. Ra7 R6f7 34.
Rxf7 Rxf7 35. c3 Qd8 36. g3 Qf6 37. Qe3 Rb7 38. Rc2 Rb1+ 39. Kg2 Rd1 40. Rd2
Rb1 41. Kh2 Rb3 42. Rd4 Qf5 43. Rd2 Kh7 44. Qf3 Qf6 45. Rc2 Qf5 46. Rd2 Ra3 47.
g4 Qf6 48. g5 Qxc3 49. g6+ Kxg6 50. Rg2+ Kh7 51. Qg4 Qf6 52. h5 Ra8 53. Re2 Rf8
54. Kh3 Qxf4 55. Qg6+ Kh8 0-1

[Event "8. Wunsiedel Schach-Festival Meisterturn"]
[Site "Wunsiedel"]
[Date "2014.05.29"]
[Round "1.15"]
[White "Baldauf, Marco"]
[Black "Kostyuchenko, Dmitry"]
[Result "1-0"]
[WhiteElo "2407"]
[BlackElo "2041"]
[PlyCount "79"]
[EventDate "2014.05.29"]

1. d4 e6 2. c4 Nf6 3. Nc3 c5 4. d5 exd5 5. cxd5 d6 6. Nf3 g6 7. Bf4 Bg7 8. e3
O-O 9. h3 a6 10. a4 b6 11. Nd2 Bb7 12. Qb3 Ne8 13. Rd1 Qc7 14. Nc4 Bxc3+ 15.
Qxc3 f6 16. a5 b5 17. Nb6 Ra7 18. b4 c4 19. Qd4 Ba8 20. Be2 Nd7 21. e4 Ng7 22.
Be3 Rb7 23. O-O Rbb8 24. f4 Rbe8 25. Rde1 Bb7 26. Bf3 Bc8 27. Qc3 Nxb6 28. axb6
Qf7 29. Bd4 Bb7 30. Rd1 Re7 31. g4 Ne8 32. Bg2 Bc8 33. e5 Bb7 34. e6 Qg7 35. g5
Bc8 36. h4 h6 37. Rde1 Bb7 38. Re3 Kh7 39. Rg3 h5 40. f5 1-0

[Event "8. Wunsiedel Schach-Festival Meisterturn"]
[Site "Wunsiedel"]
[Date "2014.05.29"]
[Round "1.16"]
[White "Sturm, Timo"]
[Black "Lampert, Jonas"]
[Result "0-1"]
[WhiteElo "2036"]
[BlackElo "2397"]
[PlyCount "68"]
[EventDate "2014.05.29"]

1. d4 d5 2. Nf3 Nf6 3. c4 c6 4. e3 Bg4 5. Bd3 e6 6. O-O Nbd7 7. b3 Bd6 8. Bb2
e5 9. Be2 e4 10. Ne5 Bxe2 11. Qxe2 h5 12. cxd5 Nxd5 13. f3 Bxe5 14. dxe5 exf3
15. Qxf3 O-O 16. Ba3 Nxe5 17. Qxh5 Re8 18. Bc5 g6 19. Qh3 Qd7 20. Qh4 Qg4 21.
Qh6 b6 22. Bd4 c5 23. Nc3 Rad8 24. Nxd5 Rxd5 25. Rf4 cxd4 26. e4 Nf3+ 27. Rxf3
Rxe4 28. Raf1 Re2 29. Rg3 Qe4 30. Qh3 Re1 31. Qc8+ Kg7 32. Rgf3 Rxf1+ 33. Rxf1
Qe3+ 34. Kh1 Rf5 0-1

[Event "8. Wunsiedel Schach-Festival Meisterturn"]
[Site "Wunsiedel"]
[Date "2014.05.29"]
[Round "1.17"]
[White "Seyb, Alexander"]
[Black "Poghosyan, Tigran"]
[Result "1-0"]
[WhiteElo "2383"]
[BlackElo "2035"]
[PlyCount "51"]
[EventDate "2014.05.29"]

1. e4 c5 2. Nf3 d6 3. d4 cxd4 4. Nxd4 Nf6 5. Nc3 a6 6. Be3 e5 7. Nb3 Be6 8. h3
Be7 9. f4 Qc7 10. g4 exf4 11. Bxf4 Nc6 12. Qe2 Rc8 13. O-O-O Ne5 14. Kb1 Nc4
15. Bc1 Na3+ 16. Ka1 b5 17. g5 Nd7 18. Rh2 h6 19. Nd5 Bxd5 20. exd5 Nc4 21.
gxh6 g6 22. h4 Nde5 23. h5 g5 24. Bh3 Rb8 25. Nd4 b4 26. Nc6 1-0

[Event "8. Wunsiedel Schach-Festival Meisterturn"]
[Site "Wunsiedel"]
[Date "2014.05.29"]
[Round "1.18"]
[White "Bindig, Markus"]
[Black "Schmidt, Raul"]
[Result "0-1"]
[WhiteElo "2029"]
[BlackElo "2356"]
[PlyCount "86"]
[EventDate "2014.05.29"]

1. d4 Nf6 2. c4 g6 3. Nc3 Bg7 4. e4 d6 5. Nf3 O-O 6. Be2 e5 7. O-O Nc6 8. d5
Ne7 9. Ne1 Nd7 10. Nd3 f5 11. f3 f4 12. Bd2 g5 13. Rc1 Ng6 14. c5 Nf6 15. Nb5
Rf7 16. Ba5 b6 17. cxd6 cxd6 18. Bb4 Bf8 19. Rc6 Ne8 20. Qb3 Bd7 21. a4 Bxc6
22. dxc6 Kg7 23. Nf2 a6 24. Na3 Rc7 25. Bc4 Ne7 26. Bd5 Nxc6 27. Bc3 Rb8 28.
Rd1 Na5 29. Qa2 Nf6 30. Be6 Qe7 31. Nc2 Re8 32. Bf5 Qf7 33. Qxf7+ Kxf7 34. Ng4
Nc4 35. Nxf6 Kxf6 36. Nb4 Ne3 37. Nd5+ Nxd5 38. Rxd5 h6 39. Bg4 Be7 40. Kf2 Rb8
41. Ke2 Rc4 42. Bd7 Rd8 43. Kd3 Rxc3+ 0-1

[Event "8. Wunsiedel Schach-Festival Meisterturn"]
[Site "Wunsiedel"]
[Date "2014.05.29"]
[Round "1.19"]
[White "Troyke, Christian"]
[Black "Hettstedt, Jörg"]
[Result "1-0"]
[WhiteElo "2332"]
[BlackElo "2026"]
[PlyCount "77"]
[EventDate "2014.05.29"]

1. g3 e5 2. c4 Nf6 3. Bg2 Nc6 4. Nc3 Be7 5. Nf3 d6 6. d4 exd4 7. Nxd4 Ne5 8. f4
Ng6 9. h3 Nh5 10. Kf2 O-O 11. e4 Nf6 12. Re1 c6 13. Be3 Qa5 14. Kg1 Rd8 15. Bf2
Bd7 16. Qe2 Bf8 17. Rad1 Qc7 18. Nc2 Qc8 19. Kh2 Qc7 20. Ne3 Qc8 21. Rd2 Ne8
22. Red1 Be7 23. Qf3 Bf6 24. Ne2 Nf8 25. g4 Be7 26. Ng3 g6 27. g5 Qc7 28. Ng4
Bxg4 29. Qxg4 Ne6 30. Be3 Bf8 31. h4 N6g7 32. h5 Qd7 33. Qf3 Qc7 34. Bh3 a6 35.
h6 Ne6 36. f5 Nc5 37. fxg6 hxg6 38. Bxc5 dxc5 39. Rd7 1-0

[Event "8. Wunsiedel Schach-Festival Meisterturn"]
[Site "Wunsiedel"]
[Date "2014.05.29"]
[Round "1.20"]
[White "Ahlberg, Mario"]
[Black "Köpke, Christian"]
[Result "1-0"]
[WhiteElo "2023"]
[BlackElo "2329"]
[PlyCount "105"]
[EventDate "2014.05.29"]

1. e4 Nf6 2. e5 Nd5 3. Nc3 Nxc3 4. dxc3 d5 5. c4 c6 6. cxd5 Qxd5 7. Qxd5 cxd5
8. Bd3 Nc6 9. f4 e6 10. Be3 b6 11. Nf3 Bc5 12. Ke2 Bd7 13. c3 Bxe3 14. Kxe3 O-O
15. Rhf1 f6 16. g4 g5 17. fxg5 fxe5 18. Bb5 Rf4 19. h3 Raf8 20. Nd2 Be8 21. Bd3
Kg7 22. Rxf4 exf4+ 23. Kf2 e5 24. Bf5 Bg6 25. Bd7 Nb8 26. Be6 e4 27. Ke2 Rd8
28. Rf1 f3+ 29. Ke3 Nc6 30. Nb3 Rd6 31. Bf5 Ne5 32. Nd4 Nc4+ 33. Kf4 Nxb2 34.
h4 Nd3+ 35. Ke3 Ne5 36. Kf4 Nd3+ 37. Ke3 Ne5 38. Kf4 Nc6 39. h5 Nxd4 40. cxd4
Be8 41. Ke5 Rd8 42. h6+ Kh8 43. Kf6 Bb5 44. Rc1 Rf8+ 45. Ke7 Re8+ 46. Kf6 Bc4
47. Bxh7 Rf8+ 48. Ke7 Rf4 49. Bf5 f2 50. g6 Rxf5 51. gxf5 f1=Q 52. Rxf1 Bxf1
53. Kf7 1-0

[Event "8. Wunsiedel Schach-Festival Meisterturn"]
[Site "Wunsiedel"]
[Date "2014.05.29"]
[Round "1.21"]
[White "Stips, Felix"]
[Black "Schultes, Christoph"]
[Result "1-0"]
[WhiteElo "2312"]
[BlackElo "2023"]
[PlyCount "81"]
[EventDate "2014.05.29"]

1. Nf3 Nf6 2. c4 e6 3. Nc3 d5 4. d4 Be7 5. cxd5 exd5 6. Bf4 c6 7. h3 h6 8. Qc2
Be6 9. e3 Nbd7 10. Bd3 Rc8 11. O-O-O Qa5 12. Kb1 c5 13. Bf5 Bxf5 14. Qxf5 g6
15. Qd3 c4 16. Qe2 Ne4 17. Nxe4 dxe4 18. Nd2 c3 19. bxc3 Rxc3 20. Nxe4 Qf5 21.
f3 Ba3 22. g4 Qa5 23. Nxc3 Qxc3 24. Rd3 Qb4+ 25. Rb3 Qe7 26. Qd3 Bd6 27. Qe4
Qxe4+ 28. fxe4 Bxf4 29. exf4 b6 30. e5 O-O 31. Rc1 Rd8 32. f5 Nf8 33. Rd3 Nd7
34. Kc2 Nb8 35. Kd2 Na6 36. a3 Rd7 37. Rc8+ Kh7 38. e6 fxe6 39. fxe6 Re7 40.
Rf3 Kg7 41. Rcf8 1-0

[Event "8. Wunsiedel Schach-Festival Meisterturn"]
[Site "Wunsiedel"]
[Date "2014.05.29"]
[Round "1.22"]
[White "Schaarschmidt, Kay"]
[Black "Strutinskaya, Galina"]
[Result "1/2-1/2"]
[WhiteElo "2049"]
[BlackElo "2296"]
[PlyCount "169"]
[EventDate "2014.05.29"]

1. e4 c5 2. Nf3 Nc6 3. d4 cxd4 4. Nxd4 Nf6 5. Nc3 e6 6. Ndb5 d6 7. Bf4 e5 8.
Bg5 a6 9. Na3 Be6 10. Nc4 Rc8 11. Nd5 Bxd5 12. exd5 Nb8 13. Be2 Nbd7 14. a4 Be7
15. Be3 O-O 16. O-O Ne8 17. a5 f5 18. Nb6 Nxb6 19. Bxb6 Qd7 20. c4 e4 21. b4 g5
22. Rc1 Nf6 23. f3 exf3 24. Bxf3 g4 25. Be2 Ne4 26. Bd3 Bg5 27. Bxe4 fxe4 28.
Rxf8+ Rxf8 29. Rb1 Qf5 30. Qf1 Qg6 31. Qe2 e3 32. Rf1 Rxf1+ 33. Kxf1 Qf5+ 34.
Kg1 Qb1+ 35. Qf1 Qc2 36. b5 e2 37. Qe1 Qxc4 38. bxa6 bxa6 39. Kf2 Qf4+ 40. Kxe2
Qxh2 41. Kd3 Qf4 42. Qe6+ Kf8 43. Bd4 Qf1+ 44. Kc3 Qc1+ 45. Kd3 Qb1+ 46. Kc3
Qc1+ 47. Kd3 Qd1+ 48. Kc3 Bd2+ 49. Kb2 Qc1+ 50. Kb3 Qb1+ 51. Bb2 Qd3+ 52. Ka2
Qc4+ 53. Kb1 Bb4 54. Qf6+ Ke8 55. Qh8+ Kd7 56. Qxh7+ Kc8 57. Qg8+ Kb7 58. Qg7+
Kb8 59. Qg8+ Qc8 60. Qg6 Qd7 61. Qd3 Bxa5 62. Qxa6 Qf5+ 63. Kc1 Qxd5 64. Qe2 g3
65. Qe8+ Kb7 66. Qe7+ Bc7 67. Qe2 Qc5+ 68. Kb1 d5 69. Qd3 Qg1+ 70. Ka2 Qxg2 71.
Qb5+ Kc8 72. Qe8+ Kb7 73. Qb5+ Ka7 74. Qa4+ Kb6 75. Qb4+ Kc6 76. Qa4+ Kd6 77.
Qb4+ Kd7 78. Qg4+ Ke7 79. Qh4+ Ke8 80. Qh5+ Kf8 81. Qh8+ Ke7 82. Qh4+ Kd6 83.
Qf4+ Kd7 84. Qg4+ Kc6 85. Qa4+ 1/2-1/2

[Event "8. Wunsiedel Schach-Festival Meisterturn"]
[Site "Wunsiedel"]
[Date "2014.05.29"]
[Round "1.23"]
[White "Gündel, Bernd"]
[Black "Schubert, Christian"]
[Result "1/2-1/2"]
[WhiteElo "2021"]
[BlackElo "2287"]
[PlyCount "77"]
[EventDate "2014.05.29"]

1. e4 c5 2. Nf3 d6 3. d4 cxd4 4. Nxd4 Nf6 5. Nc3 g6 6. Be2 Bg7 7. O-O O-O 8.
Be3 Nc6 9. f3 d5 10. Nxd5 Nxd5 11. exd5 Qxd5 12. Nxc6 Qxc6 13. c3 Be6 14. Qc2
Rfd8 15. Rfd1 a6 16. Bd3 Be5 17. Qf2 Rd7 18. Be4 Qb5 19. Rxd7 Qxd7 20. f4 Bf6
21. h3 Bf5 22. Bxf5 Qxf5 23. Rd1 Qa5 24. Qf3 Qc7 25. Qd5 Rc8 26. Qd7 b5 27.
Qxc7 Rxc7 28. Kf2 Kg7 29. Bd4 Rc4 30. Ke3 h6 31. g3 Rc6 32. Bxf6+ Kxf6 33. Rd4
g5 34. a4 bxa4 35. Rxa4 gxf4+ 36. Rxf4+ Kg6 37. Re4 e6 38. Rg4+ Kf6 39. Rh4
1/2-1/2

[Event "8. Wunsiedel Schach-Festival Meisterturn"]
[Site "Wunsiedel"]
[Date "2014.05.29"]
[Round "1.24"]
[White "Schulz, Karsten"]
[Black "Guggenberger, Guido"]
[Result "1-0"]
[WhiteElo "2282"]
[BlackElo "2015"]
[PlyCount "45"]
[EventDate "2014.05.29"]

1. Nf3 d5 2. g3 c5 3. Bg2 Nc6 4. O-O Nf6 5. c4 e6 6. b3 Bd6 7. e3 O-O 8. Bb2
Qc7 9. Nc3 a6 10. cxd5 exd5 11. d4 Be6 12. dxc5 Bxc5 13. Rc1 Ba7 14. Na4 Ne4
15. Nd4 Rfe8 16. Nxc6 bxc6 17. Bd4 Rac8 18. Nc5 Nxc5 19. Bxc5 Bf5 20. Qd4 Bb8
21. Rfd1 Qd7 22. Rd2 Be4 23. Bxe4 1-0

[Event "8. Wunsiedel Schach-Festival Meisterturn"]
[Site "Wunsiedel"]
[Date "2014.05.29"]
[Round "1.25"]
[White "Langensteiner, Matthias"]
[Black "Hilverda, Alexander"]
[Result "0-1"]
[WhiteElo "2013"]
[BlackElo "2273"]
[PlyCount "106"]
[EventDate "2014.05.29"]

1. d4 g6 2. c4 Bg7 3. Nc3 d6 4. e4 Nc6 5. d5 Ne5 6. f4 Nd7 7. Nf3 Nc5 8. Qc2
Nf6 9. Be2 O-O 10. O-O e6 11. Be3 exd5 12. cxd5 Ncxe4 13. Nxe4 Nxe4 14. Qxe4
Re8 15. Ne5 dxe5 16. Bb5 Bd7 17. Bxd7 Qxd7 18. f5 c6 19. dxc6 Qxc6 20. Qh4 gxf5
21. Rxf5 Re6 22. Rc1 Qd5 23. Rh5 Rg6 24. Qh3 Qe4 25. Rg5 Rd8 26. Rxg6 hxg6 27.
Bxa7 Qa4 28. Qe3 Qxa2 29. Bb6 Ra8 30. b3 Qb2 31. h3 Kh7 32. Rf1 Ra1 33. Rxa1
Qxa1+ 34. Kh2 f5 35. Qg3 Bh6 36. Qh4 e4 37. Bc7 Qg7 38. Bd8 g5 39. Qh5 Qg6 40.
Qd1 Qe6 41. Bc7 e3 42. Qe2 Qxb3 43. Qf3 Kg6 44. Bb8 Qe6 45. Qxb7 e2 46. Bg3
e1=Q 47. Bxe1 Qxe1 48. Qc6+ Kg7 49. Qd7+ Kf6 50. Qd8+ Qe7 51. Qb6+ Qe6 52. Qd8+
Kg6 53. Qd3 Bf8 0-1

[Event "8. Wunsiedel Festival 2014"]
[Site "Wunsiedel"]
[Date "2014.05.29"]
[Round "1"]
[White "Glinzer, Christoph"]
[Black "Romanov, Evgeny"]
[Result "0-1"]
[WhiteElo "2082"]
[BlackElo "2639"]
[Annotator "Robot 6"]
[PlyCount "86"]
[EventDate "2014.??.??"]
[EventCountry "GER"]
[TimeControl "40/5400+30:900+30"]

1. e4 c5 2. Nf3 e6 3. d4 cxd4 4. Nxd4 a6 5. Nc3 b5 6. Bd3 Qb6 7. Nb3 Qc7 8. O-O
Nf6 9. f4 b4 10. Ne2 Bb7 11. e5 Nd5 12. Ng3 Be7 13. Ne4 O-O 14. Rf3 f5 15. exf6
Nxf6 16. Nxf6+ Rxf6 17. Rh3 g6 18. Be3 Nc6 19. Nc5 Bxc5 20. Bxc5 Qxf4 21. Qe1
a5 22. Be3 Qe5 23. Qh4 Rf7 24. Rf1 Raf8 25. Rxf7 Rxf7 26. Bc1 Qd5 27. Qe4 Qxe4
28. Bxe4 Nd4 29. Re3 Ba6 30. Bd3 Bxd3 31. cxd3 d6 32. b3 e5 33. Bb2 Nb5 34. Re4
Rc7 35. Rc4 Kf7 36. Kf2 Ke6 37. Ke3 d5 38. Rxc7 d4+ 39. Kd2 Nxc7 40. a3 Kd5 41.
axb4 axb4 42. Bc1 e4 43. dxe4+ Kxe4 0-1

[Event "8. Wunsiedel Festival 2014"]
[Site "Wunsiedel"]
[Date "2014.05.29"]
[Round "1"]
[White "Tasdelen, Deniz Murat"]
[Black "Delchev, Aleksander"]
[Result "0-1"]
[WhiteElo "2077"]
[BlackElo "2628"]
[Annotator "Robot 6"]
[PlyCount "84"]
[EventDate "2014.??.??"]
[EventCountry "GER"]
[TimeControl "40/5400+30:900+30"]

1. e4 c5 2. Nf3 e6 3. d4 cxd4 4. Nxd4 a6 5. Bd3 Nf6 6. Qe2 d6 7. Be3 Nbd7 8.
Nd2 b6 9. c3 Bb7 10. f3 Qc7 11. g4 Nc5 12. Bc2 d5 13. g5 Nh5 14. f4 Nxf4 15.
Bxf4 Qxf4 16. O-O-O dxe4 17. Rhf1 Qc7 18. Nxe4 O-O-O 19. Kb1 b5 20. Rde1 Rd7
21. Nxc5 Bxc5 22. Be4 Bxd4 23. cxd4 Qd6 24. Rc1+ Kb8 25. Bxb7 Rxb7 26. Qe4 Rd8
27. Qxh7 Qxd4 28. Rfd1 Qxd1 29. Rxd1 Rxd1+ 30. Kc2 Rd5 31. Qxg7 Rc7+ 32. Kb3
Rd3+ 33. Kb4 Rc4+ 34. Ka5 Ra4+ 35. Kb6 Rd6+ 36. Kc5 Kc7 37. Qxf7+ Rd7 38. Qxe6
Rc4+ 39. Qxc4 bxc4 40. h4 Rh7 41. Kd5 Rxh4 42. Ke6 Rh2 0-1

[Event "8. Wunsiedel Festival 2014"]
[Site "Wunsiedel"]
[Date "2014.05.29"]
[Round "1"]
[White "Nisipeanu, Liviu-Dieter"]
[Black "Wilfert, Andre"]
[Result "1-0"]
[WhiteElo "2691"]
[BlackElo "2084"]
[Annotator "Robot 6"]
[PlyCount "71"]
[EventDate "2014.??.??"]
[EventCountry "GER"]
[TimeControl "40/5400+30:900+30"]

1. d4 Nf6 2. c4 g6 3. Nc3 Bg7 4. e4 d6 5. f4 O-O 6. Nf3 c5 7. d5 e5 8. fxe5
dxe5 9. Bg5 Nbd7 10. Qd2 Qa5 11. Bd3 Nh5 12. O-O f6 13. Be3 g5 14. a3 Qd8 15.
b4 b6 16. d6 Nf4 17. Nd5 Ne6 18. Bc2 Bb7 19. Ba4 Nd4 20. Bxd4 Bxd5 21. exd5
exd4 22. Bc6 Rb8 23. Qe2 Ne5 24. Nxe5 fxe5 25. d7 Qe7 26. Qg4 Rf6 27. Rxf6 Bxf6
28. Rf1 Rf8 29. bxc5 bxc5 30. Qe4 Bg7 31. d6 Rxf1+ 32. Kxf1 Qf6+ 33. Ke2 Bf8
34. Qf3 d3+ 35. Kxd3 Qxd6+ 36. Qd5+ 1-0

[Event "8. Wunsiedel Festival 2014"]
[Site "Wunsiedel"]
[Date "2014.05.29"]
[Round "1"]
[White "Sumets, Andrey"]
[Black "Troyke, Doreen"]
[Result "1-0"]
[WhiteElo "2633"]
[BlackElo "2081"]
[Annotator "Robot 6"]
[PlyCount "49"]
[EventDate "2014.??.??"]
[EventCountry "GER"]
[TimeControl "40/5400+30:900+30"]

1. e4 c5 2. Nf3 d6 3. d4 cxd4 4. Nxd4 Nf6 5. Nc3 a6 6. Be3 e5 7. Nb3 Be7 8. h3
Be6 9. Qf3 Nbd7 10. g4 h6 11. O-O-O b5 12. Kb1 Qc7 13. Qg2 Rc8 14. f4 exf4 15.
Bxf4 Ne5 16. Nd4 Nc4 17. Bxc4 Qxc4 18. Nxe6 Qxe6 19. Rhe1 Nd7 20. Ne2 Ne5 21.
Nd4 Qf6 22. Rf1 Rc4 23. b3 Rc7 24. Bxe5 Qxe5 25. Rf5 1-0

[Event "8. Wunsiedel Schach-Festival Meisterturn"]
[Site "Wunsiedel"]
[Date "2014.05.29"]
[Round "2.5"]
[White "Löw, Gerald"]
[Black "Vovk, Andrey"]
[Result "0-1"]
[WhiteElo "2200"]
[BlackElo "2622"]
[PlyCount "78"]
[EventDate "2014.05.29"]

1. c4 f5 2. g3 Nf6 3. Bg2 g6 4. Nc3 d6 5. d3 Bg7 6. e3 O-O 7. Nge2 c6 8. O-O e5
9. Rb1 Be6 10. f4 a5 11. a3 Qe7 12. h3 Nbd7 13. b4 axb4 14. axb4 e4 15. dxe4
fxe4 16. g4 Bxc4 17. g5 Nd5 18. Nxd5 Bxd5 19. Bb2 Bxb2 20. Rxb2 Bc4 21. Qd4 d5
22. Rd1 Rf7 23. Ng3 Bd3 24. h4 Nf8 25. Bh3 Ne6 26. Qe5 Nc7 27. Qxe7 Rxe7 28. f5
Re5 29. Rf2 Ne8 30. Bf1 Ra3 31. fxg6 hxg6 32. Bxd3 exd3 33. Rdf1 Rxe3 34. Rf8+
Kh7 35. R1f7+ Ng7 36. Nf1 Ra1 37. Rxb7 d2 38. Rff7 Rxf1+ 39. Rxf1 Re1 0-1

[Event "8. Wunsiedel Schach-Festival Meisterturn"]
[Site "Wunsiedel"]
[Date "2014.05.29"]
[Round "2.6"]
[White "Kunin, Vitaly"]
[Black "Graf, Roland"]
[Result "1-0"]
[WhiteElo "2572"]
[BlackElo "2193"]
[PlyCount "49"]
[EventDate "2014.05.29"]

1. d4 Nf6 2. c4 g6 3. Nc3 d5 4. cxd5 Nxd5 5. Bd2 Bg7 6. e4 Nxc3 7. Bxc3 O-O 8.
Qd2 b6 9. O-O-O Nd7 10. h4 Nf6 11. f3 c6 12. g4 h5 13. e5 Nd5 14. gxh5 gxh5 15.
Bd3 f6 16. Ne2 fxe5 17. Rhg1 e6 18. dxe5 Rf7 19. Rg5 a5 20. Rdg1 Raa7 21. Ng3
Kf8 22. Nxh5 Nxc3 23. bxc3 Ba6 24. Rxg7 Qxd3 25. Rg8+ 1-0